LEADER 01059nam a2200265 i 4500 001 000000145228 003 CaOOAMICUS 005 20220513153640.0 008 051118s1962 it u000 u ita u 013 $a120620 040 $aSeMil$bita 100 1 $aMelville, Herman,$d<1819-1891>.$0(OLS)http://semarc/name/1208 240 10$aWhite-Jacket.$0(OLS)http://semarc/title/439989 245 10$aGiacchetta bianca :$bo del mondo di una nave da guerra /$cHerman Melville. 264 1$aFirenze :$bSansoni,$c1962. 300 $aXV, 412 p. ;$c23 cm. 541 0 $aFondo Ciprandi (1V IV 236) 650 4$aMelville, Herman <1819-1891> - Opere.$0(OLS)http://semarc/subject/30332 850 $aSeMil 852 $aSeMil$W1$xVenegono$y1$m1V IV 236$j98043$B98043$CSeMilBibl$Z2$F105927 $81 941 1 $a1 961 $aOmaggio: Ciprandi dott. Paolo 996 $6245$aGiacchetta bianca :$bo del mondo di una nave da guerra$9(OLS)http://semarc/title/212429 996 $6264$aFirenze :$bSansoni$9(OLS)http://semarc/publisher/29843 LEADER 01417nam a2200289 i 4500 001 000000114151 003 CaOOAMICUS 005 20030410000000.0 008 030410s1992 xxu u000 u eng u 013 $a86837 020 $a0-8091-3327-X 040 $aSeMil$bita 100 1 $aO'Grady, John F.$0(OLS)http://semarc/name/47743 245 10$aPillars of Paul's Gospel :$bGalatians and Romans /$cby John F. O'Grady. 260 $aNew York ; Mahwah :$bPaulist Press,$ccopyr. 1992. 300 $aiii, 178 p. :$bill. ;$c23 cm. 500 $aIn testa al front. : Dedica autografa dell'Autore. - Fondo Card. C.M. Martini. 650 4$aBibbia. Nuovo Testamento. Lettere ai Galati - Commentari, studi, critica, interpretazioni.$0(OLS)http://semarc/subject/5754 650 4$aBibbia. Nuovo Testamento. Lettera ai Romani - Commentari, studi, critica, interpretazioni.$0(OLS)http://semarc/subject/31 650 4$aPaolo - Ambiente sociale.$0(OLS)http://semarc/subject/20765 850 $aSeMil 852 $aSeMil$W1$xVenegono$y1$m2Z IV 212$j69743$B69743$CSeMilBibl$Z2$F90254 $81 941 1 $a4 961 $aOmaggio: Martini Card. Carlo Maria 996 $6020$a0-8091-3327-X$9(OLS)http://semarc/number/97338 996 $6245$aPillars of Paul's Gospel :$bGalatians and Romans$9(OLS)http://semarc/title/166764 996 $6260$aNew York ; Mahwah :$bPaulist Press$9(OLS)http://semarc/publisher/32439